[Event "IND-chT (Women)"]
[Site "Ahmedabad"]
[Date "2020.02.11"]
[Round "5.3"]
[White "Prajeesha, K."]
[Black "Bindu, Saritha K"]
[Result "0-1"]
[WhiteElo "1417"]
[BlackElo "1583"]
[PlyCount "112"]
[EventDate "2020.02.07"]
[EventType "team-swiss"]
[EventRounds "7"]
[EventCountry "IND"]
[SourceTitle "CBM 194 Extra"]
[Source "ChessBase"]
[SourceDate "2020.03.31"]
[SourceVersion "1"]
[SourceVersionDate "2020.03.31"]
[SourceQuality "1"]
[WhiteTeam "Kerala (W)"]
[BlackTeam "LIC (W)"]
[WhiteTeamCountry "IND"]
[BlackTeamCountry "IND"]

1. d4 d5 2. c4 c6 3. Nf3 Nf6 4. Nc3 dxc4 5. a4 Bf5 6. Ne5 Nbd7 7. Nxc4 g6 8. g3 Bg7 9. Bg2 Nb6 10. Ne5 Nbd5 11. Qb3 Qb6 12. Qxb6 axb6 13. Nxd5 cxd5 14. Bd2 0-0 15. 0-0 Bc2 16. Bb4 Rfe8 17. a5 bxa5 18. Rxa5 Rxa5 19. Bxa5 Rc8 20. Bb6 Ba4 21. Ra1 Bb5 22. Bc5 e6 23. Bf1 Ne4 24. Nf3 Nxc5 25. Rc1 Bd7 26. dxc5 Bxb2 27. Rb1 Ba3 28. Ne5 Rc7 29. Nxd7 Rxd7 30. e3 Bxc5 31. Bb5 Rd8 32. Bd3 b6 33. Ra1 Rd7 34. Ra4 e5 35. Bb5 Rc7 36. Kf1 d4 37. exd4 Bxd4 38. Rc4 Rxc4 39. Bxc4 Kg7 40. Ke2 f5 41. f3 Bg1 42. h3 Kf6 43. Kf1 Bc5 44. Ke2 e4 45. fxe4 fxe4 46. Bd5 Ke5 47. Bg8 h6 48. Bf7 g5 49. h4 gxh4 50. gxh4 b5 51. Bb3 Kd4 52. Be6 Bd6 53. h5 Bf4 54. Bf7 Kc3 55. Bg6 e3 56. Kd1 b4 0-1